| 000 | 00939nam a22002537a 4500 | ||
|---|---|---|---|
| 005 | 20170124103101.0 | ||
| 010 | _aB-075260 | ||
| 020 |
_c125.00 _a8170559350 |
||
| 035 | _aB-075260 | ||
| 037 | _bCen Lib/Ret | ||
| 040 |
_aDPL _bHN |
||
| 082 |
_aक _bसागर |
||
| 100 |
_aसागर, शैलेन्द्र _942810 |
||
| 245 |
_aआमीन / _cशैलेन्द्र सागर |
||
| 246 |
_aAamin / _bby Shailendra Sagar |
||
| 260 |
_aनयी दिल्ली _bवाणी प्रकाशन _c2002 |
||
| 270 |
_a21-ए, दरयागंज _bनयी दिल्ली _e110002 |
||
| 300 |
_a124पृ. _c19सेमी (सजिल्द) |
||
| 650 |
_a साहित्य--कथा _942948 |
||
| 650 |
_aहिंदी--कहानियां _92082 |
||
| 650 |
_a Literature--Fiction _976739 |
||
| 650 |
_aHindi-- Fiction _927248 |
||
| 942 |
_2ddc _cHN _hक _mसागर |
||
| 999 |
_c117774 _d117774 |
||